2010s Oscar Supporting Actor Nominees - Statistics

General Stats
  • This quiz has been taken 595 times
  • The average score is 23 of 40
Answer Stats
Movie Actor % Correct
American Hustle Bradley Cooper
91%
The Fighter, The Big Short Christian Bale
90%
Inglourious Basterds, Django Unchained Christoph Waltz
86%
Moonlight, Green Book Mahershala Ali
85%
Moneyball, The Wolf of Wall Street Jonah Hill
84%
Dallas Buyers Club Jared Leto
83%
Whiplash J. K. Simmons
83%
Three Billboards Outside Ebbing, Missouri, Vice Sam Rockwell
77%
Invictus Matt Damon
76%
Creed Sylvester Stallone
75%
Silver Linings Playbook Robert De Niro
74%
The Kinds Are All Right, Foxcatcher, Spotlight Mark Ruffalo
73%
The Revenant Tom Hardy
68%
BlacKkKlansman Adam Driver
66%
Boyhood Ethan Hawke
65%
The King's Speech Geoffrey Rush
62%
The Messenger, Three Billboards Outside Ebbing, Missouri Woody Harrelson
62%
The Last Station, Beginners, All the Money in the World Christopher Plummer
61%
Birdman Edward Norton
60%
12 Years a Slave Michael Fassbender
60%
The Master Philip Seymour Hoffman
60%
Bridge of Spies Mark Rylance
58%
The Town Jeremy Renner
55%
The Florida Project Willem Dafoe
55%
Lion Dev Patel
54%
The Judge Robert Duvall
51%
Lincoln Tommy Lee Jones
51%
Hell or High Water Jeff Bridges
49%
Argo Alan Arkin
48%
The Lovely Bones Stanley Tucci
46%
A Star Is Born Sam Elliott
40%
Nocturnal Animals Michael Shannon
37%
Can You Ever Forgive Me? Richard E. Grant
37%
Manchester by the Sea Lucas Hedges
36%
The Shape of Water Richard Jenkins
34%
Captain Phillips Barkhad Abdi
31%
My Week with Marilyn Kenneth Branagh
30%
Warrior Nick Nolte
26%
Winter's Bone John Hawkes
25%
Extremely Loud & Incredibly Close Max von Sydow
22%
No matching quizzes found
Score Distribution
Percent of People with Each Score
Percentile by Number Answered
Your Score History
You have not taken this quiz